[Event "Yvelines-ch"]
[Site "Fontenay le Fleury"]
[Date "2012.02.19"]
[Round "3"]
[White "Montay, Jean Paul"]
[Black "Mace, Sebastien"]
[Result "0-1"]
[WhiteElo "1499"]
[BlackElo "1687"]
[PlyCount "56"]
[EventDate "2012.02.18"]
[EventType "swiss"]
[EventRounds "7"]
[EventCountry "FRA"]
[SourceTitle "EXT 2013"]
[Source "ChessBase"]
[SourceDate "2012.11.22"]
[SourceVersion "1"]
[SourceVersionDate "2012.11.22"]
[SourceQuality "1"]

1. e4 c5 2. Nf3 d6 3. h3 Nf6 4. Nc3 g6 5. d4 cxd4 6. Nxd4 a6 7. Bd3 Bg7 8. Be3 0-0 9. 0-0 b5 10. f4 Bb7 11. Qd2 Nbd7 12. b4 Rc8 13. f5 Qc7 14. Nde2 Nh5 15. Nd5 Bxd5 16. exd5 Nb6 17. Rac1 Nxd5 18. Bg5 Nc3 19. Nxc3 Bxc3 20. Qe3 f6 21. Bh4 Bxb4 22. fxg6 Bc5 23. gxh7+ Kh8 24. Qf2 Bxf2+ 25. Rxf2 Qc5 26. Rcf1 Qd4 27. g4 Nf4 28. Bg3 Nxd3 0-1